They studied man (Record no. 371346)

000 -LEADER
fixed length control field 00363cam a22001337a 4500
008 - FIXED-LENGTH DATA ELEMENTS--GENERAL INFORMATION
fixed length control field 180718b1961 xxu||||| |||| 00| 0 eng d
082 ## - DEWEY DECIMAL CLASSIFICATION NUMBER
Classification number BA2 K145
100 ## - MAIN ENTRY--PERSONAL NAME
Personal name Kardiner, Abram
245 ## - TITLE STATEMENT
Title They studied man
Statement of responsibility, etc. by Abram Kardiner and Edward Preble
260 ## - PUBLICATION, DISTRIBUTION, ETC.
Place of publication, distribution, etc. London
Name of publisher, distributor, etc. Secker and Warburg
Date of publication, distribution, etc. 1961
300 ## - PHYSICAL DESCRIPTION
Extent 287p.
650 ## - SUBJECT ADDED ENTRY--TOPICAL TERM
Topical term or geographic name entry element Culture.
700 ## - ADDED ENTRY--PERSONAL NAME
Personal name Preble, Edward
Holdings
Withdrawn status Lost status Damaged status Not for loan Permanent Location Current Location Date acquired Full call number Barcode Date last seen Price effective from Koha item type
        Indian Institute of Public Administration Indian Institute of Public Administration 1994-06-09 BA2 K145 30481 2018-07-21 2018-07-21 Book

Powered by Koha